000 00415nam a22001457a 4500
005 20171030093543.0
008 171030b xxu||||| |||| 00| 0 eng d
040 _cPK-LaUMT
082 _aPKAC 297.082
_bJAL-A
100 _aJalal ud Din Umari
245 _aAurat Islami muashra mein/
_cJalal ud Din Umari
260 _aنئی دہلی:
_bمرکزی مکتبہ اسلامی،
_c2003
300 _a332 ص
942 _cBK
999 _c99651
_d99651